Contours of relaiting management/ (Record no. 7972)
[ view plain ]
| 000 -LEADER | |
|---|---|
| fixed length control field | 00546 a2200169 4500 |
| 010 ## - LCCN (DPL NO) | |
| LC control number | ENG-88274 |
| 020 ## - INTERNATIONAL STANDARD BOOK NUMBER | |
| International Standard Book Number | 8183184324 |
| Terms of availability | 180.00 |
| 035 ## - SYSTEM CONTROL NUMBER | |
| System control number | EN-71807 |
| 037 ## - SOURCE OF ACQUISITION | |
| Source of stock number/acquisition | DBAD / PUB |
| 082 14 - DEWEY DECIMAL CLASSIFICATION NUMBER | |
| Classification number | 658.87 |
| 100 1# - MAIN ENTRY--PERSONAL NAME | |
| Personal name | Chunawalla, S. A. |
| 245 1# - TITLE STATEMENT | |
| Title | Contours of relaiting management/ |
| Statement of responsibility, etc | by S.A.Chunawalla |
| 260 ## - PUBLICATION, DISTRIBUTION, ETC. (IMPRINT) | |
| Place of publication, distribution, etc | Mumbai |
| Name of publisher, distributor, etc | Himalaya Publishing House |
| Date of publication, distribution, etc | 2006 |
| 270 ## - ADDRESS | |
| Address | "Ramdoot", Dr. Bhalerao Marg, Girgoan |
| City | Mumbai |
| Postal code | 400 004 |
| Telephone number | 022-23860170 |
| Fax number | 022-23877178 |
| 300 ## - PHYSICAL DESCRIPTION | |
| Extent | 174 p. |
| Dimensions | 22cm (Pbk) |
| 942 ## - ADDED ENTRY ELEMENTS (KOHA) | |
| Institution code [OBSOLETE] | dpl |
| Item type | English Books |
| Source of classification or shelving scheme | Dewey Decimal Classification |
| Classification part | 658.87 |
| Call number suffix | CHU |
| Withdrawn status | Lost status | Not for loan | Collection code | Home library | Current library | Date acquired | Source of acquisition | Cost, normal purchase price | Full call number | Barcode | Copy number | Cost, replacement price | Koha item type |
|---|---|---|---|---|---|---|---|---|---|---|---|---|---|
| Not For Loan | Non-fiction | D.B.Act.Division | D.B.Act.Division | 17/01/2019 | DBAD/PUB | 180.00 | 658.87 CHU | EN-71807 | 1 | 180.00 | English Books |
